000 00501nam a22001697a 4500
005 20251108165440.0
008 250721s1987 xx 000 0 ara d
082 1 4 _a954.9/إحس
100 1 _aحقي، إحسان
245 1 0 _aمحمد علي جناح باني باكستان حياته و سياسته /
264 1 _aدمشق :
_bدار الفكر،
_c1987.
300 _a232ص
650 1 7 _aالباكستان
650 1 7 _aتاريخ الباكستان
942 _2ddc
_cBK
999 _c28199
_d28199